| 000 | 00548nam a2200205 a 4500 | ||
|---|---|---|---|
| 005 | 20140310183350.0 | ||
| 008 | 070620s19uu xx 00 eng d | ||
| 020 | _a027370480x | ||
| 050 |
_aHD 31 _b.W331 2006 |
||
| 100 | _aWatson, Tony | ||
| 245 |
_aOrganising and managing work / _cTony Watson |
||
| 250 | _a2nd ed. | ||
| 260 |
_aEngland : _bPearson Education Limited, _c2006. |
||
| 300 |
_a496 p. : _bcol. ill. ; _c25 cm. |
||
| 521 | _aBSBA | ||
| 650 | _aOrganization. | ||
| 650 | _aManagement. | ||
| 942 |
_cBK _2lcc _kFOR |
||
| 999 |
_c22057 _d22057 |
||